00360nam a2200145Ia 4500008004100000020001800041041000800059082001600067100002900083245003000112260004100142300001200183365001300195440000600208210423s2007 xx 000 0 und d a9780761934462 aeng a302.23 BELB aBEL (Bernard);others,Ed. asocials and the symbolic. aLos AngelesbSage Publicationsc2007 a481bHB b975cINR v2